000 00530nam a2200205Ia 4500
003 GCL
008 140319s9999 xx 000 0 eng d
040 _aGCL /
_cGCL
082 0 4 _a338.542
_bB M
100 1 _aBURNS, ARTHUR F
245 1 0 _aMEASURING BUSINESS CYCLES /
_cBURNS, ARTHUR F
700 1 _aMITCHELL, WESLEY C
260 _a[S.N] :
_bTHE TIMES OF INDIA PRESS ،
_c1964
300 _a560 P
650 0 4 _aCYCLES
650 0 4 _aECONOMICS
650 0 4 _aBUSINESS CYCLES
650 0 4 _aECONOMIC CYCLES
942 _2ddc
_cBK
999 _c14867
_d14867